000 00512nam a2200205 i 4500
001 bg
100 1 _aCOLONNA, Rosemary
245 0 _a1-2-3 for Windows :
_bkrótki przewodnik /
_cRosemary Colonna.
260 _aWarszawa :
_bINTERSOFTLAND,
_c1992.
300 _a146 s. :
_brys. ;
_c20 cm.
650 9 _aWindows
655 _aPrzewodniki
020 _a8385515089
040 _cBPK
041 _apl
080 _a004
920 _a83-85515-08-9
942 _cKS
008 s pl f |000 0 pol
999 _c35356
_d35356
856 _uhttp://koha.tu.koszalin.pl/cgi-bin/koha/opac-detail.pl?biblionumber=35356
_yKatalog online BPK